სასუქების გამოყენება და გარემო / (ბიბ.ჩანაწერი № 37475)
[ მარტივი ფორმატი ]
| 000 -ლიდერი | |
|---|---|
| ფიქსირებული სიგრძის საკონტროლო ველი | 00974nam a2200241Ia 4500 |
| 001 - საკონტროლო ნომერი | |
| საკონტროლო ველი | 3436 |
| 003 - საკონტროლო ნომრის იდენტიფიკატორი | |
| საკონტროლო ველი | GE_BSU |
| 005 - ბოლო ოპერაციის თარიღი და დრო | |
| საკონტროლო ველი | 20190617141835.0 |
| 008 - ფიქსირებული სიგრძის მონაცემთა ელემენტები - ზოგადი ინფორმაცია | |
| ფიქსირებული სიგრძის საკონტროლო ველი | 181216s1992||||ge |||||||||||||| ||geo|| |
| 020 ## - წიგნის საერთაშორისო სტანდარტული ნომერი | |
| International Standard Book Number | 55239010350 |
| 040 ## - კატალოგიზაციის წყარო | |
| Transcribing agency | GE_BSU |
| 041 ## - ენის კოდი | |
| Language code of text/sound track or separate title | geo |
| 080 ## - უნივერსალური ათობითი კლასიფიკაციის ინდექსი | |
| Universal Decimal Classification number | 631.8 ზ–33 |
| 100 ## - მთავარი ჩანაწერი - პიროვნების სახელი | |
| Personal name | ზარდალიშვილი, ო. |
| 9 (RLIN) | 2501 |
| 245 ## - ცნობა სათაურის შესახებ | |
| Title | სასუქების გამოყენება და გარემო / |
| Statement of responsibility, etc | რედ. ი. მღებრიშვილი. |
| 264 ## - წარმოების, გამოცემის, დისტრიბუციის და სხვა ცნობები | |
| გამოცემის, წარმოების, დისტრიბუციის... ადგილი | თბილისი : |
| გამოცემის, წარმოების, დისტრიბუციის... სახელწოდება | საქართველო, |
| გამოცემის, წარმოების, დისტრიბუციის... თარიღი | 1992. |
| 300 ## - ფიზიკური აღწერა | |
| Extent | 150 გვ. ; |
| Other physical details | 20 სმ. |
| 653 ## - INDEX TERM--UNCONTROLLED | |
| Uncontrolled term | სასუქები |
| 653 ## - INDEX TERM--UNCONTROLLED | |
| Uncontrolled term | სოფლის მეურნეობის ქიმიზაცია საქართველოში |
| 700 ## - ADDED ENTRY--PERSONAL NAME | |
| Personal name | ურუშაძე, თ. |
| Relator term | ავტორი |
| 9 (RLIN) | 20 |
| 700 ## - ADDED ENTRY--PERSONAL NAME | |
| Personal name | მღებრიშვილი, ი. |
| Relator term | რედაქტორი |
| 9 (RLIN) | 2514 |
| 942 ## - ADDED ENTRY ELEMENTS (KOHA) | |
| Koha item type | წიგნი |
| Source of classification or shelving scheme | |
| ჩამოწერის სტატუსი | დაკარგული ეგზემპლარის სტატუსი | კლასიფიკაციის წყარო ან თაროზე გაწყობის სქემა | დაზიანების სტატუსი | არ გაიცემა | მუდმივი მდებარეობა (დაცვის ადგილი) | ამჟამინდელი ადგილსამყოფელი | თაროზე განთავსების ადგილი | შეძენის თარიღი | სრული შენახვის შიფრი | შტრიხკოდი | ბოლო ოპერაციის თარიღი | ეგზემპლარის მიმდევრობითი ნომერი (კეტერი?) | ფასის ძალაში შესვლის თარიღი | ეგზემპლარის სახეობა | საჯარო შენიშვნა | ღირებულება, შესყიდვის ნორმალური ფასი | Uniform Resource Identifier |
|---|---|---|---|---|---|---|---|---|---|---|---|---|---|---|---|---|---|
| აგრარული და მემბრანული ტექნოლოგიების ინსტიტუტის ბიბლიოთეკა | აგრარული და მემბრანული ტექნოლოგიების ინსტიტუტის ბიბლიოთეკა | წიგნსაცავი | 2025-04-29 | 631.8 ზ–33 | 71295 | 2025-04-29 | 71295 | 2025-04-29 | წიგნი | 7.00 | 7.00 | ნაჩუქარი | |||||
| აგრარული და მემბრანული ტექნოლოგიების ინსტიტუტის ბიბლიოთეკა | აგრარული და მემბრანული ტექნოლოგიების ინსტიტუტის ბიბლიოთეკა | წიგნსაცავი | 2025-04-29 | 631.8 ზ–33 | 20093 | 2025-04-29 | 20093 | 2025-04-29 | წიგნი | ||||||||
| აგრარული და მემბრანული ტექნოლოგიების ინსტიტუტის ბიბლიოთეკა | აგრარული და მემბრანული ტექნოლოგიების ინსტიტუტის ბიბლიოთეკა | წიგნსაცავი | 2025-04-29 | 631.8 ზ–33 | 20094 | 2025-04-29 | 20094 | 2025-04-29 | წიგნი | ||||||||
| ბათუმის შოთა რუსთაველის სახელმწიფო უნივერსიტეტის მთავარი ბიბლიოთეკა | ბათუმის შოთა რუსთაველის სახელმწიფო უნივერსიტეტის მთავარი ბიბლიოთეკა | წიგნსაცავი | 2018-12-17 | 631.8 ზ–33 | 4928 | 2018-12-17 | 4928 | 2018-12-17 | წიგნი | ||||||||
| ბათუმის შოთა რუსთაველის სახელმწიფო უნივერსიტეტის მთავარი ბიბლიოთეკა | ბათუმის შოთა რუსთაველის სახელმწიფო უნივერსიტეტის მთავარი ბიბლიოთეკა | წიგნსაცავი | 2018-12-17 | 631.8 ზ–33 | 4929 | 2018-12-17 | 4929 | 2018-12-17 | წიგნი | ||||||||
| ტექნოლოგიური ფაკულტეტის ბიბლიოთეკა | ტექნოლოგიური ფაკულტეტის ბიბლიოთეკა | წიგნსაცავი | 2025-04-29 | 631.8 ზ–33 | 2671 | 2025-04-29 | 2671 | 2025-04-29 | წიგნი | 6 ლ. | 6.00 |
